| 000 | 00385nam a2200157Ia 4500 | ||
|---|---|---|---|
| 008 | 230917s9999||||xx |||||||||||||| ||und|| | ||
| 040 |
_e127917 _aMAIN |
||
| 041 | _aEnglish | ||
| 082 | _a342.54 P192C | ||
| 100 | _aPandey, J.N. | ||
| 245 | 0 | _aConstitutional law of India | |
| 250 | _a9th ed. | ||
| 260 |
_aAllahabad _ballahabad law _c1979 |
||
| 300 | _axxiv, 442p p. | ||
| 942 | _cBK | ||
| 999 |
_c202392 _d202392 |
||